Текст томруулах:    
APEC economic outlook (Бичлэгийн дугаар. 145053)
000 -УДИРДЛАГА
Удирдлага 00893nam a22003017a 4500
003 - ХЯНАЛТЫН ТОО ТОДОРХОЙЛОГЧ
Код MN-UlNUM
005 - БИЧИЛТ ХИЙСЭН ОГНОО
Тухайн бичилтийг бичсэн засварласан сүүлийн огноо 20251029141419.0
008 - ЕРӨНХИЙ МЭДЭЭЛЭЛ
Ерөнхий мэдээлэл 251028s1996 si a|||| r|||s00| | eng d
020 ## - ISBN
ISBN 9810083475
040 ## - БИЧЛЭГ ҮҮСГЭГЧ БАЙГУУЛЛАГА
Бичлэг үүсгэгч номын сангийн код МУИС-ийн номын сан
084 ## - ББК АНГИЛАЛ
Нэмэлт тусгалт Эрдэм шинжилгээний хурлын эмхэтгэл
ББК ангилал 65.5
Зохиогчийн гурван тэмдэгт A 66
Мэдлэгийн ялгаа 65 - Эдийн засаг
245 00 - ҮНДСЭН ГАРЧИГ
Номын нэр APEC economic outlook
Бага гарчгийн мэдээ Report by the Economic Committee
260 ## - ГАРАЛТЫН МЭДЭЭ
Хэвлэгдсэн газар Singapore
Хэвлэлийн газар The Committee
Хэвлэгдсэн он 1996
300 ## - МАТЕРИАЛЫН ТОДОРХОЙЛОЛТ
хуудасны тоо 121
Бусад тоон мэдээлэл ill. ;
Хэмжээ 30 cm
500 ## - Тайлбар
Дансны дугаар БС 1561
546 ## - ХЭЛНИЙ ТУХАЙ МЭДЭЭ
Хэл Англи хэл дээр,
653 ## - Түлхүүр үг
Түлхүүр үг Economic history
740 ## - НОМЫН ГАРЧИГ
Гарчиг Update on the APEC Economies
740 ## - НОМЫН ГАРЧИГ
Гарчиг Sustainable Growth and Equitable Development
740 ## - НОМЫН ГАРЧИГ
Гарчиг Labor Force Development
740 ## - НОМЫН ГАРЧИГ
Гарчиг Physical Capital Accumulation
740 ## - НОМЫН ГАРЧИГ
Гарчиг Total Factor Productivity
740 ## - НОМЫН ГАРЧИГ
Гарчиг Role of the Economic Framework
740 ## - НОМЫН ГАРЧИГ
Гарчиг Environment and Agricultural Policies
740 ## - НОМЫН ГАРЧИГ
Гарчиг Conclusions
942 ## - ЭЛЕМЕНТИЙН ТӨРӨЛ
Зүйлийн төрөл Ном